banner koha

Pulmonar ARFI elastography and ultrasonography of canine fetal hydrops: case report (Registro n. 327804)

MARC details
000 -LÍDER
fixed length control field 04439nab a2200409 i 4500
003 - CÓDIGO MARC DA AGÊNCIA CATALOGADORA
Campo de controle BR-BrBNA
005 - DATA E HORA DA ÚLTIMA ATUALIZAÇÃO
Campo de controle 20240925102216.0
008 - CAMPO DE TAMANHO FIXO
fixed length control field 240925b2018 bl.|r|pooa||| 00| 0 eng |
040 ## - FONTE DA CATALOGAÇÃO
Agência catalogadora BR-BrBNA
Idioma da catalogação eng
072 ## - CATEGORIA AGRIS
Código AGRIS L74
Código do objeto 5400
072 ## - CATEGORIA AGRIS
Código AGRIS L70
100 ## - ENTRADA PRINCIPAL - NOME PESSOAL
Nome pessoal Maronezi, M.C.
100 ## - ENTRADA PRINCIPAL - NOME PESSOAL
Nome pessoal Madruga, G.M.
100 ## - ENTRADA PRINCIPAL - NOME PESSOAL
Nome pessoal Uscategui, R.A.R.
100 ## - ENTRADA PRINCIPAL - NOME PESSOAL
Nome pessoal Simões, A.P.R.
100 ## - ENTRADA PRINCIPAL - NOME PESSOAL
Nome pessoal Silva, P.
100 ## - ENTRADA PRINCIPAL - NOME PESSOAL
Nome pessoal Rodrigues, M.G.K.
100 ## - ENTRADA PRINCIPAL - NOME PESSOAL
Nome pessoal Cintra, C.A.
100 ## - ENTRADA PRINCIPAL - NOME PESSOAL
Nome pessoal Assis, A.R.
100 ## - ENTRADA PRINCIPAL - NOME PESSOAL
Nome pessoal Vicente, W.R.R.
100 ## - ENTRADA PRINCIPAL - NOME PESSOAL
Nome pessoal Feliciano, M.A.R.
245 ## - TÍTULO PRINCIPAL
Título principal Pulmonar ARFI elastography and ultrasonography of canine fetal hydrops: case report
500 ## - NOTA GERAL
Nota geral Publicação online, 14 ref.; 3 illus.; Summaries (En, Pt)
942 ## - ADDED ENTRY ELEMENTS (KOHA)
Koha item type Analítica
520 ## - NOTA DE RESUMO
Nota de conteúdo <br/><br/>ABSTRACT - This case report describes diagnostic and prognostic applicability of pulmonary acoustic radiation force impulse elastography and ultrasonography in canine hydrops fetalis. We also explore these methods’ potential in prediction of postnatal respiratory dysfunction. Two pregnant bitches (English bulldog [case 1] and French bulldog [case 2]) were referred for sonographic evaluation in their last week of pregnancy. Ultrasound showed that in each bitch, one fetus presented with lung alterations (hyperechogenicity, irregular surface, and pleural effusion) and anasarca. The other fetuses of the litter were normal, and they were observed as light gray and dark blue on pulmonary elastography. Their shear-wave velocity was 0.75m/s. Fetuses with hydrops were observed as medium gray and dark blue, and the average shear-wave velocities were 1.05m/s (case 1) and 1.12m/s (case 2). Findings were compatible with increased lung rigidity. Six neonates of English bulldog and two of French bulldog showed no signs of clinical abnormalities during neonatal assessment. One puppy in each gestation presented with anasarca and respiratory distress, and died approximately 24 hours after birth. Novel ultrasound techniques (elastography) for assessing pulmonary tissues in abnormal fetuses in veterinary obstetrics can promote early, safe, and non-invasive diagnosis of canine prenatal and neonatal alterations.<br/><br/><br/>Keywords: canine, gestational ultrasonography, fetal abnormalities
520 ## - NOTA DE RESUMO
Nota de conteúdo <br/><br/>RESUMO - Este relato de caso descreve a aplicabilidade diagnóstica e prognóstica da elastografia ARFI e ultrassonografia pulmonar em fetos caninos com hidropisia, como um método potencial para predizer a disfunção respiratória pós-natal nesses conceptos. Duas cadelas gestantes (Buldogue Inglês - caso 1 e Buldogue Francês - caso 2) foram encaminhadas para avaliação ultrassonográfica na última semana de gestação. Pela ultrassonografia foram observadas, em cada cadela, um feto apresentando alterações pulmonares (hiperecogenicidade, superfície irregular e derrame pleural) e anasarca. Outros fetos não apresentaram anormalidades. Os fetos normais apresentaram elastograma pulmonar cinza-claro e azulescuro e velocidade de cisalhamento de 0,75m/s. Os fetos com hidropisia apresentaram tonalidades cinza-média e azul-escura e velocidade de cisalhamento de 1,05m/s (caso 1) e 1,12m/s (caso 2). Esses achados são compatíveis com o aumento da rigidez pulmonar. Seis neonatos Buldogue Inglês e dois Buldogues Franceses não mostraram sinais de anormalidades clínicas na avaliação neonatal. Um filhote de cada gestação apresentou anasarca e dificuldade respiratória, vindo a óbito cerca de 24 horas após o nascimento. O uso das novas técnicas de ultrassonografia (elastografia) para avaliação de tecidos pulmonares em feto anormal, em obstetrícia veterinária, pode promover o diagnóstico precoce, seguro e não invasivo de alterações pré-natais e neonatais em conceptos caninos.<br/><br/><br/>Palavras-chave: canino, ultrassonografia gestacional, anormalidades fetais
650 ## - ASSUNTO - THESAGRO
Cabeçalho tópico ou nome geográfico CÃO
650 ## - ASSUNTO - THESAGRO
Cabeçalho tópico ou nome geográfico PRENHEZ
650 ## - ASSUNTO - THESAGRO
Cabeçalho tópico ou nome geográfico DISTÚRBIO FISIOLÓGICO
650 ## - ASSUNTO - THESAGRO
Cabeçalho tópico ou nome geográfico ULTRASSOM
650 ## - ASSUNTO - THESAGRO
Cabeçalho tópico ou nome geográfico FETO
650 ## - ASSUNTO - THESAGRO
Cabeçalho tópico ou nome geográfico OBSTETRÍCIA
650 ## - ASSUNTO - THESAGRO
Cabeçalho tópico ou nome geográfico VETERINÁRIA
773 0# - ENTRADA ANALÍTICA
Host Biblionumber 1643
Registro do item 344677
Imprenta Belo Horizonte-MG Universidade Federal de Minas Gerais - Escola de Veterinaria 1983
Outro identificador 2024-5011
Título Arquivo Brasileiro de Medicina Veterinária e Zootecnia (Brazil)
ISSN 0102-0935
Colação v. 70(5) p. 1409-1413; (2018)
Número de controle de registro BR2024002700
856 ## - ACESSO E ENDEREÇO ELETRÔNICO
Identificador uniforme de recurso - URI https://www.scielo.br/j/abmvz/a/NzFvfxZjCyMJmsTNbNnPbZb/?format=pdf&lang=en

Nenhum exemplar disponível.

BINAGRI

Telefone: (61)3218-2567/2388/3357/2097 - binagri@agro.gov.br

Ministério da Agricultura e Pecuária , Esplanada dos Ministérios, Bloco D, Anexo B, Brasília/DF, CEP: 70.043-900